Detalles MARC
| 000 -CABECERA |
| campo de control de longitud fija |
01087cam a2200253 a 4500 |
| 001 - NÚMERO DE CONTROL |
| campo de control |
000010658 |
| 005 - FECHA Y HORA DE LA ÚLTIMA TRANSACCIÓN |
| campo de control |
20200929162250.0 |
| 008 - DATOS DE LONGITUD FIJA--INFORMACIÓN GENERAL |
| campo de control de longitud fija |
831220s1971 mx a 000 0 spa d |
| 040 ## - FUENTE DE LA CATALOGACIÓN |
| Centro catalogador/agencia de origen |
DO-SdBNP |
| Lengua de catalogación |
spa |
| Centro/agencia transcriptor |
LC |
| Centro/agencia modificador |
BNPHU |
| 082 ## - NÚMERO DE LA CLASIFICACIÓN DECIMAL DEWEY |
| Número de clasificación |
510 |
| Número de documento/Ítem |
J41m |
| 049 ## - FONDOS LOCALES (OCLC) |
| Fondos de biblioteca |
BNGR |
| 100 0# - ENTRADA PRINCIPAL--NOMBRE DE PERSONA |
| Nombre de persona |
Jauffred |
| Numeración |
M., Francisco J. |
| 9 (RLIN) |
25811 |
| 245 10 - MENCIÓN DE TÍTULO |
| Título |
Métodos de optimización : |
| Resto del título |
programación lineal-gráficas / |
| Mención de responsabilidad, etc. |
Francisco J. Jauffred M., Alberto Moreno Bonett y J. Jésus Acosta F. |
| 260 ## - PUBLICACIÓN, DISTRIBUCIÓN, ETC. |
| Lugar de publicación, distribución, etc. |
México, D. F. : |
| Nombre del editor, distribuidor, etc. |
Representaciones y Servicios de Ingeniería, |
| Fecha de publicación, distribución, etc. |
1971. |
| 300 ## - DESCRIPCIÓN FÍSICA |
| Extensión |
ix, 720 p. : |
| Otras características físicas |
il. ; |
| Dimensiones |
23 cm. |
| 490 1# - MENCIÓN DE SERIE |
| Mención de serie |
Métodos para el Análisis de Sistemas de Ingeniería : |
| -- |
Decisiones bajo Corteza, |
| Designación de volumen o secuencia |
v. 2 |
| 650 #4 - PUNTO DE ACCESO ADICIONAL DE MATERIA--TÉRMINO DE MATERIA |
| Término de materia o nombre geográfico como elemento de entrada |
Optimización matemática |
| 9 (RLIN) |
25812 |
| 650 #4 - PUNTO DE ACCESO ADICIONAL DE MATERIA--TÉRMINO DE MATERIA |
| Término de materia o nombre geográfico como elemento de entrada |
Investigación operacional |
| 9 (RLIN) |
25813 |
| 650 #4 - PUNTO DE ACCESO ADICIONAL DE MATERIA--TÉRMINO DE MATERIA |
| Término de materia o nombre geográfico como elemento de entrada |
Análisis de redes (planificación) |
| 9 (RLIN) |
5472 |
| 700 1# - PUNTO DE ACCESO ADICIONAL--NOMBRE DE PERSONA |
| Nombre de persona |
Moreno Bonett, Alberto |
| 9 (RLIN) |
25814 |
| 700 1# - PUNTO DE ACCESO ADICIONAL--NOMBRE DE PERSONA |
| Nombre de persona |
Acosta Flores, J. Jésus |
| 9 (RLIN) |
25815 |
| 830 #0 - PUNTO DE ACCESO ADICIONAL DE SERIE-TÍTULO UNIFORME |
| Título uniforme |
Métodos para el Análisis de Sistemas de Ingeniería : |
| -- |
Decisiones bajo Corteza, |
| Designación de volumen o secuencia |
v. 2 |
| 9 (RLIN) |
25816 |
| 910 ## - DATOS DE OPCIÓN DEL USUARIO (OCLC) |
| Datos de opción del usuario |
Catalogación por copia / LC |